Представление документа в формате MARC21

ПолеНазваниеЗначение
  Тип записи a
  Библиографический уровень m
001 Контрольный номер RU/URAIT/565622
005 Дата корректировки 20260429163623.9
008 Кодируемые данные 260429s2025 RU y f j 000 0 rus u
020 Индекс ISBN __
a ISBN 978-5-534-11021-0
c Цена, тираж 849.00
040 Источник каталогиз. __
a Служба первич. каталог. ИКО Юрайт
c Служба, преобразующая запись ИКО Юрайт
e Правила каталог. RCR
041 Код языка издания __
a Код языка текста rus
044 Код страны публикации __
a Код страны публикации RU
080 Индекс УДК __
a Индекс УДК 621.384.63(075.8)
084 Индекс другой классификации/Индекс ББК __
2 Источник индекса rubbk
a Индекс другой классификации/Индекс ББК 32.85я73
100 Автор __
a Автор Завадцев А. А.
q Полное имя Завадцев Александр Алексеевич
245 Заглавие __
a Заглавие Физика пучков заряженных частиц и ускорительная техника: высокочастотные дефлекторы
b Продолж. заглавия учебник для вузов
c Ответственность А. А. Завадцев [и др.] ; под редакцией Д. А. Завадцева.
250 Сведения об издании __
a Основные сведения об издании 2-е изд.
256 Характеристики компьютерного файла __
a Характеристики компьютерного файла Электрон. дан.
260 Выходные данные __
a Место издания Москва
b Издательство Юрайт
c Дата издания 2025
300 Физическое описание __
a Объем 179 с
440 Серия __
a Серия Высшее образование
500 Примечания __
a Примечание URL: https://urait.ru/bcode/565622 (дата обращения: 29.04.2026).
520 Аннотация __
a Аннотация Монография содержит новые результаты исследований характеристик высокочастотных дефлекторов, предназначенных для метрики коротких пучков ускоренных электронов в линейном ускорителе, входящем в состав создаваемого лазера на свободных электронах XFEL (Германия). Рассмотрены электродинамические характеристики отклоняющих структур с различными способами стабилизации плоскости поляризации дипольной волны, выбрана оптимальная конструкция ячеек в отклоняющей секции дефлектора, представлены различные варианты узла ввода мощности с симметризацией электрического поля в области пролета пучка, описана программа расчета характеристик отклоняющей структуры с вводом мощности с использованием метода эквивалентных схем. Описана оригинальная методика измерения поперечного шунтового сопротивления с использованием специальных возмущающих тел в автоматизированной системе на базе сетевого векторного анализатора. Приведены результаты экспериментального исследования и настройки изготовленной структуры, работающей в режиме бегущей волны с учетом узла ввода мощности. Разработаны и настроены элементы ВЧ-тракта дефлекторов: направленные ответвители, керамические окна, поглощающая нагрузка и др.
538 Прим. о системных особенностях __
a Прим. о системных особенностях Режим доступа: Электронно-библиотечная система Юрайт, для авториз. пользователей
653 Ключевые слова __
a Ключевые слова Ядерная энергетика и технологии
653 Ключевые слова __
a Ключевые слова Технические науки
653 Ключевые слова __
a Ключевые слова Ускорители заряженных частиц
653 Ключевые слова __
a Ключевые слова Физика пучков заряженных частиц и ускорительная техника
653 Ключевые слова __
a Ключевые слова Ускорители заряженных частиц и источники плазмы
700 Другие авторы __
a Другие авторы Завадцев Д. А.
q Полное имя Завадцев Дмитрий Александрович
700 Другие авторы __
a Другие авторы Смирнов А. Ю.
q Полное имя Смирнов Андрей Юрьевич
700 Другие авторы __
a Другие авторы Собенин Н. П.
q Полное имя Собенин Николай Павлович
700 Другие авторы __
a Другие авторы Каминский В. И.
q Полное имя Каминский Владимир Ильич
856 Электронный адрес документа 40
n Местонахождение сервера Юрайт
g Электронная книга
q Тип электронного формата html
h Имя пользователя ЮРАЙТ
v Часы доступа к ресурсу 20271231
2 Способ доступа Показать документ
x Служебное примечание https://urait.ru/book/cover/5BBD38B4-86F8-432E-99B2-E1E074E19969
u URL https://urait.ru/bcode/565622
856 Электронный адрес документа 48
q Тип электронного формата cover
u URL https://urait.ru/book/cover/5BBD38B4-86F8-432E-99B2-E1E074E19969
911 __
u 0030=https://urait.ru/bcode/565622
911 __
u 073a=9785534110210
u 073d=849.00
911 __
u 106a=s
911 __
u 900l=
952 Тип литературы __
i Дисциплина Ускорители заряженных частиц
952 Тип литературы __
i Дисциплина Физика пучков заряженных частиц и ускорительная техника
952 Тип литературы __
i Дисциплина Ускорители заряженных частиц и источники плазмы